Countries never invaded by the UK - Sudden Death - Statistics

General Stats
  • This quiz has been taken 104 times
    69 since last reset
  • The average score is 4 of 13
Answers on the Grid
Answers color-coded by a green-red scale on the quiz's grid according to % correct below.
Belarus
Bhutan
Bolivia
Burundi
Chad
Djibouti
Greece
Guatemala
Haiti
Iraq
Liberia
Luxembourg
Madagascar
Mali
Malta
Marshall islands
Mongolia
Myanmar
Namibia
Nicaragua
Nigeria
Paraguay
South Korea
Spain
Sweden
Tajikistan
Tanzania
Uzbekistan
 
Answer Stats
Answer % Correct
Belarus
51%
Mongolia
49%
Bolivia
41%
Uzbekistan
37%
Sweden
34%
Tajikistan
24%
Chad
22%
Luxembourg
22%
Paraguay
20%
Guatemala
17%
Mali
12%
Marshall islands
12%
Burundi
10%
No matching quizzes found
Score Distribution
Percent of People with Each Score
Percentile by Number Answered
Your Score History
You have not taken this quiz since the last reset